[Event "BIH-ch-T"]
[Site "Sarajevo"]
[Date "2013.06.18"]
[Round "4.5"]
[White "Kurajica, Bojan"]
[Black "Rasidovic, Sead"]
[Result "1-0"]
[WhiteElo "2513"]
[BlackElo "2381"]
[PlyCount "59"]
[EventDate "2013.06.15"]

1. d4 e6 2. g3 f5 3. Bg2 Nf6 4. Nh3 Be7 5. Nd2 d5 6. c4 c6 7. Qc2 O-O 8. Nf4
Bd6 9. Nf3 Ne4 10. O-O Qf6 11. Nd3 Nd7 12. b4 g5 13. Bb2 Qg7 14. Nfe5 Rb8 15.
a4 h5 16. f3 Nef6 17. b5 dxc4 18. Nxc4 Be7 19. e4 h4 20. gxh4 g4 21. Nf4 Qf7
22. fxg4 Nxg4 23. h3 Nh6 24. d5 exd5 25. exd5 Bc5+ 26. Kh1 cxb5 27. Ne5 Qe7 28.
Nxd7 Bxd7 29. Rae1 Qd6 30. Qc3 1-0

[Event "BIH-ch-T"]
[Site "Sarajevo"]
[Date "2013.06.18"]
[Round "4.5"]
[White "Galic, Zeljko"]
[Black "Vukic, Milan"]
[Result "1/2-1/2"]
[WhiteElo "2300"]
[BlackElo "2388"]
[PlyCount "79"]
[EventDate "2013.06.15"]

1. c4 Nf6 2. Nf3 d6 3. Nc3 e5 4. d4 Nbd7 5. Bg5 c6 6. e3 Qa5 7. Qd2 Be7 8. Be2
Bd8 9. dxe5 dxe5 10. Bh4 O-O 11. O-O Re8 12. Rfd1 Nf8 13. Bxf6 Bxf6 14. Ne4
Qxd2 15. Rxd2 Be7 16. Rad1 f6 17. Nd6 Bxd6 18. Rxd6 Be6 19. Nd2 c5 20. Ne4 Rac8
21. R6d2 Re7 22. b3 b6 23. Bf3 Rb8 24. Nd6 f5 25. Bc6 a6 26. f3 g6 27. Kf2 Kg7
28. h3 h5 29. h4 Nh7 30. g3 Nf6 31. e4 Rc7 32. exf5 gxf5 33. Bd5 Bxd5 34. cxd5
Kg6 35. Nc4 Nd7 36. Re2 Kf6 37. Rde1 Re8 38. Nd6 Rg8 39. Nc4 Re8 40. Nd6
1/2-1/2

[Event "BIH-ch-T"]
[Site "Sarajevo"]
[Date "2013.06.18"]
[Round "4.5"]
[White "Bogut, Zeljko"]
[Black "Terzic, Ilijas"]
[Result "1/2-1/2"]
[WhiteElo "2437"]
[BlackElo "2213"]
[PlyCount "108"]
[EventDate "2013.06.15"]

1. d4 Nf6 2. c4 e6 3. g3 Bb4+ 4. Nd2 c5 5. a3 Bxd2+ 6. Qxd2 cxd4 7. Nf3 Nc6 8.
Nxd4 Qb6 9. Nb5 d5 10. cxd5 Qxb5 11. dxc6 Qxc6 12. Rg1 O-O 13. Bg2 Qb6 14. Qb4
Qa6 15. Bd2 Nd5 16. Qa5 Qxa5 17. Bxa5 b6 18. Bd2 Ba6 19. e4 Nf6 20. O-O-O Ng4
21. Bc3 Nxf2 22. Rd6 Rac8 23. Rd7 Bd3 24. e5 a5 25. Kd2 Ne4+ 26. Bxe4 Bxe4 27.
Ke3 Bd5 28. Rf1 h6 29. Bd4 Rb8 30. Rc1 Rfd8 31. Rxd8+ Rxd8 32. Bxb6 Rb8 33. Bd4
a4 34. Rc5 Kh7 35. g4 Kg6 36. Ra5 Bb3 37. Ra7 f5 38. gxf5+ exf5 39. Kf4 Rd8 40.
Bc3 Re8 41. h4 Bc2 42. h5+ Kxh5 43. Rxg7 Re6 44. Rg3 Rc6 45. Re3 Rc4+ 46. Kf3
Re4 47. e6 Rxe3+ 48. Kxe3 Kg6 49. Kf4 Bd3 50. Ke5 h5 51. Kf4 h4 52. e7 Bb5 53.
Be1 h3 54. Kg3 Kf7 1/2-1/2

[Event "BIH-ch-T"]
[Site "Sarajevo"]
[Date "2013.06.19"]
[Round "5.1"]
[White "Palac, Mladen"]
[Black "Tadic, Branko"]
[Result "1/2-1/2"]
[WhiteElo "2560"]
[BlackElo "2513"]
[PlyCount "25"]
[EventDate "2013.06.15"]

1. e4 c5 2. Nf3 Nf6 3. Nc3 Nc6 4. d4 d5 5. exd5 Nxd5 6. dxc5 Nxc3 7. Qxd8+ Nxd8
8. bxc3 f6 9. Be3 e5 10. Nd2 f5 11. Nf3 f4 12. Bd2 Nc6 13. Bb5 1/2-1/2

[Event "BIH-ch-T"]
[Site "Sarajevo"]
[Date "2013.06.19"]
[Round "5.1"]
[White "Miljkovic, Miroslav D"]
[Black "Brkic, Ante"]
[Result "1/2-1/2"]
[WhiteElo "2462"]
[BlackElo "2584"]
[PlyCount "56"]
[EventDate "2013.06.15"]

1. d4 Nf6 2. c4 e6 3. Nc3 Bb4 4. e3 O-O 5. Bd3 d5 6. Nf3 c5 7. O-O cxd4 8. exd4
dxc4 9. Bxc4 b6 10. Qe2 Bb7 11. Rd1 Bxc3 12. bxc3 Nd5 13. Bd2 Qc7 14. Ne5 Nc6
15. Bxd5 exd5 16. Nxc6 Bxc6 17. Re1 Rfe8 18. Qa6 Qd7 19. h3 Bb5 20. Qa3 Bc4 21.
Qb2 f6 22. a3 Rxe1+ 23. Rxe1 Re8 24. Rxe8+ Qxe8 25. Bf4 Kf7 26. Bg3 Qe7 27. Qb4
Qxb4 28. cxb4 b5 1/2-1/2

[Event "BIH-ch-T"]
[Site "Sarajevo"]
[Date "2013.06.19"]
[Round "5.1"]
[White "Dizdarevic, Emir"]
[Black "Trkulja, Goran"]
[Result "1/2-1/2"]
[WhiteElo "2515"]
[BlackElo "2390"]
[PlyCount "168"]
[EventDate "2013.06.15"]

1. Nf3 Nf6 2. g3 g6 3. c4 c5 4. Bg2 Bg7 5. O-O O-O 6. d4 cxd4 7. Nxd4 d5 8.
cxd5 Nxd5 9. Nc3 Nxc3 10. bxc3 Nc6 11. Nxc6 bxc6 12. Qa4 Be6 13. Rd1 Qb6 14.
Bg5 Qc5 15. Be3 Qxc3 16. Rac1 Qb2 17. Rc2 Qe5 18. Bf4 Rad8 19. Rcd2 Rxd2 20.
Bxe5 Rxd1+ 21. Qxd1 Bxe5 22. Bxc6 Rc8 23. Qa4 Rc7 24. Bb5 Bd6 25. Kg2 h5 26.
Bd3 Rc3 27. Qe8+ Kg7 28. Qb5 Ra3 29. Bc4 Bxc4 30. Qxc4 f6 31. Kf1 Ra5 32. h4
Ra3 33. Qe6 Ra5 34. e4 f5 35. exf5 Rxf5 36. Kg2 a5 37. a4 Re5 38. Qc4 Rf5 39.
f3 Rc5 40. Qd4+ Kh7 41. g4 Rc2+ 42. Kf1 Rc5 43. Ke2 Kg8 44. Kd3 Kh7 45. Qe4 Re5
46. Qa8 Kg7 47. Qe8 Rd5+ 48. Kc4 Rc5+ 49. Kd4 hxg4 50. fxg4 Re5 51. Qc8 Re1 52.
Qa8 Re5 53. Qf3 Kg8 54. Qc6 Kf7 55. Qc8 Kg7 56. Kc4 Bb4 57. Qb7 Bd6 58. Qb2 Kh7
59. Qd4 Kg8 60. Kd3 Kh7 61. Qc4 Kg7 62. Qc8 Rc5 63. Qe8 Rd5+ 64. Ke4 Rc5 65.
Kd4 Re5 66. Qc8 Re1 67. h5 Re5 68. hxg6 Kxg6 69. Qg8+ Kf6 70. Kd3 Rg5 71. Qf8+
Kg6 72. Qg8+ Kf6 73. Qf8+ Kg6 74. Qc8 Re5 75. Qg8+ Kf6 76. Qh8+ Kg5 77. Qh5+
Kf4 78. Qh4 Rd5+ 79. Kc2 Rg5 80. Kb3 Bb4 81. Kc4 Rxg4 82. Qf2+ Ke5+ 83. Kb5 Rg6
84. Qe3+ Kf6 1/2-1/2

[Event "BIH-ch-T"]
[Site "Sarajevo"]
[Date "2013.06.19"]
[Round "5.1"]
[White "Sutkovic, Damir"]
[Black "Kurajica, Bojan"]
[Result "1/2-1/2"]
[WhiteElo "2331"]
[BlackElo "2513"]
[PlyCount "86"]
[EventDate "2013.06.15"]

1. d4 Nf6 2. c4 e6 3. Nc3 Bb4 4. e3 b6 5. Bd3 Bb7 6. Nf3 O-O 7. O-O Bxc3 8.
bxc3 d6 9. Nd2 e5 10. e4 Re8 11. Re1 Nc6 12. Nb3 Ne7 13. Bg5 Ng6 14. f3 h6 15.
Be3 Nd7 16. c5 dxc5 17. dxc5 Qf6 18. a4 Rad8 19. Qc2 Nf4 20. Bf1 a5 21. Bb5 Bc6
22. c4 Bxb5 23. axb5 Nf8 24. cxb6 cxb6 25. c5 Nd3 26. cxb6 Nxe1 27. Rxe1 Rb8
28. Qc6 Re6 29. Nxa5 Rxc6 30. bxc6 Ne6 31. Rc1 Qe7 32. c7 Nxc7 33. bxc7 Rc8 34.
Bb6 Qb4 35. Nc4 f6 36. h3 Kf7 37. Kh2 Ke6 38. Ba5 Qc5 39. Nb6 Qxc1 40. Nxc8
Qf4+ 41. Kh1 Qc1+ 42. Kh2 Qf4+ 43. Kh1 Qc1+ 1/2-1/2

[Event "BIH-ch-T"]
[Site "Sarajevo"]
[Date "2013.06.19"]
[Round "5.1"]
[White "Vukic, Milan"]
[Black "Muratovic, Enver"]
[Result "1/2-1/2"]
[WhiteElo "2388"]
[BlackElo "2289"]
[PlyCount "64"]
[EventDate "2013.06.15"]

1. Nf3 Nf6 2. g3 d5 3. Bg2 c6 4. b3 Bf5 5. Bb2 Nbd7 6. O-O h6 7. d3 e6 8. Nbd2
Bc5 9. c4 O-O 10. a3 a5 11. Bc3 Qe7 12. Qc1 Bd6 13. Qb2 e5 14. e4 dxe4 15. Nh4
Bh7 16. dxe4 b5 17. b4 axb4 18. axb4 bxc4 19. Nf5 Bxf5 20. exf5 Rab8 21. Nxc4
Bxb4 22. Bxe5 Nxe5 23. Qxe5 Qxe5 24. Nxe5 c5 25. Nc6 Rb6 26. Rfc1 Re8 27. Na5
Ra6 28. Nc4 Rxa1 29. Rxa1 Re1+ 30. Rxe1 Bxe1 31. Kf1 Bc3 32. Ke2 Kf8 1/2-1/2

[Event "BIH-ch-T"]
[Site "Sarajevo"]
[Date "2013.06.19"]
[Round "5.2"]
[White "Sedlak, Nikola"]
[Black "Jankovic, Alojzije"]
[Result "1/2-1/2"]
[WhiteElo "2571"]
[BlackElo "2559"]
[PlyCount "23"]
[EventDate "2013.06.15"]

1. e4 c5 2. Nf3 d6 3. d4 cxd4 4. Nxd4 Nf6 5. f3 Nc6 6. c4 g6 7. Nc3 Bg7 8. Be3
O-O 9. Be2 Bd7 10. O-O Nxd4 11. Bxd4 Bc6 12. Qd2 1/2-1/2

[Event "BIH-ch-T"]
[Site "Sarajevo"]
[Date "2013.06.19"]
[Round "5.2"]
[White "Stojanovic, Dobrisav"]
[Black "Bosnjak, Damir"]
[Result "1/2-1/2"]
[WhiteElo "2361"]
[BlackElo "2274"]
[PlyCount "21"]
[EventDate "2013.06.15"]

1. d4 Nf6 2. c4 e6 3. Nf3 d5 4. Nc3 c6 5. Bg5 Be7 6. e3 O-O 7. Qc2 Nbd7 8.
O-O-O dxc4 9. Bxc4 b5 10. Bd3 h6 11. h4 1/2-1/2

[Event "BIH-ch-T"]
[Site "Sarajevo"]
[Date "2013.06.19"]
[Round "5.3"]
[White "Savic, Miodrag R"]
[Black "Bogosavljevic, Boban"]
[Result "0-1"]
[WhiteElo "2529"]
[BlackElo "2548"]
[PlyCount "146"]
[EventDate "2013.06.15"]

1. e4 c5 2. c3 d6 3. d4 Nf6 4. dxc5 Nc6 5. Nd2 dxc5 6. Ngf3 g6 7. Bb5 Qc7 8.
O-O Bg7 9. Qa4 Bd7 10. Nb3 O-O 11. Nxc5 Be8 12. Re1 Ne5 13. Nb3 Nfg4 14. Nbd4
Nxf3+ 15. Nxf3 Qb6 16. Bxe8 Qxf2+ 17. Kh1 Rfxe8 18. Qb5 a6 19. Qe2 Rad8 20. Bf4
e5 21. Bg3 Qxe2 22. Rxe2 Rd3 23. Rae1 Nf6 24. Rd2 Rxd2 25. Nxd2 b5 26. Nb3 Bf8
27. Kg1 Nd7 28. Bf2 f5 29. Kf1 Kf7 30. exf5 gxf5 31. Rd1 Ke6 32. Rd3 Rc8 33.
Rh3 Nf6 34. a3 Rd8 35. Ke2 Nd5 36. g3 Nf6 37. Be3 Rc8 38. Bg5 Ne4 39. Be3 Rc7
40. Rh4 Kf6 41. Nc1 Kg6 42. Nd3 Bg7 43. g4 f4 44. Bc1 Nc5 45. Nxc5 Rxc5 46. Rh5
Rc4 47. Rf5 Bf6 48. Bd2 h6 49. h4 Rc8 50. h5+ Kf7 51. Be1 Ke6 52. Bf2 Rg8 53.
Kf3 Rc8 54. Be1 Rc4 55. Bd2 a5 56. Ke2 a4 57. Kf3 Rc6 58. Ke2 Rd6 59. Be1 Rd7
60. Bf2 Rd6 61. Bc5 Rd7 62. Bf2 Be7 63. Bb6 Rb7 64. Bg1 Rb8 65. Bf2 Bg5 66. Ba7
Rd8 67. Bb6 Rd7 68. Rf8 Kd5 69. Bf2 Ke4 70. Rb8 f3+ 71. Ke1 Bd2+ 72. Kf1 Be3
73. Ke1 Rd2 0-1

[Event "BIH-ch-T"]
[Site "Sarajevo"]
[Date "2013.06.19"]
[Round "5.3"]
[White "Kovacevic, Aleksandar"]
[Black "Tomic, Bosko"]
[Result "1-0"]
[WhiteElo "2557"]
[BlackElo "2430"]
[PlyCount "93"]
[EventDate "2013.06.15"]

1. e4 e5 2. Nf3 Nc6 3. Bb5 a6 4. Ba4 Nf6 5. O-O Be7 6. Re1 b5 7. Bb3 O-O 8. h3
Bb7 9. d3 d6 10. a3 Na5 11. Ba2 c5 12. Nbd2 Re8 13. Nf1 Bf8 14. Ng3 g6 15. Bd2
Bg7 16. Qc1 Rc8 17. Bh6 Bh8 18. Qd2 d5 19. b4 dxe4 20. Ng5 Nc4 21. Nxf7 Nxd2
22. Nxd8+ Bd5 23. Bxd5+ Nxd5 24. Bxd2 exd3 25. Nb7 e4 26. Nxc5 Bxa1 27. Rxa1 e3
28. fxe3 dxc2 29. Nge4 Rc6 30. Rc1 Nb6 31. Bc3 Rf8 32. Rxc2 Nc4 33. Bd4 Nxa3
34. Ra2 Nc4 35. Rxa6 Rxa6 36. Nxa6 Ra8 37. Nc7 Ra4 38. Bc5 Ra1+ 39. Kf2 Ra2+
40. Kg3 h5 41. h4 Ne5 42. Nxb5 Nd3 43. Nbc3 Rc2 44. Nd5 Rb2 45. Bd4 Rc2 46. Nc5
Ne1 47. Nf4 1-0

[Event "BIH-ch-T"]
[Site "Sarajevo"]
[Date "2013.06.19"]
[Round "5.3"]
[White "Djukic, Boris"]
[Black "Dumpor, Atif"]
[Result "1-0"]
[WhiteElo "2280"]
[BlackElo "2357"]
[PlyCount "139"]
[EventDate "2013.06.15"]

1. d4 Nf6 2. c4 e6 3. Nf3 Bb4+ 4. Bd2 a5 5. a3 Bxd2+ 6. Nbxd2 a4 7. e3 d6 8.
Rc1 c5 9. Bd3 Nc6 10. Qc2 h6 11. Ne4 O-O 12. O-O cxd4 13. Nxd4 Ne5 14. Nb5 Nxe4
15. Bxe4 Qb6 16. Qe2 Bd7 17. Nd4 f5 18. Bb1 Rf6 19. f4 Nc6 20. Nf3 Qc5 21. Rfd1
Be8 22. Ne1 e5 23. Nd3 Qa7 24. c5 exf4 25. Nxf4 dxc5 26. Nd5 Rf7 27. Qc4 Kh8
28. Qxc5 Qxc5 29. Rxc5 g6 30. Bc2 Rd7 31. Nb6 Rxd1+ 32. Bxd1 Rd8 33. Bxa4 Rd2
34. Rc2 Rd3 35. Kf2 Kg7 36. Nc4 Kf6 37. Ke2 Rd8 38. g3 g5 39. Rd2 Bh5+ 40. Ke1
Rxd2 41. Kxd2 Bf7 42. Nd6 Bd5 43. Bc2 Ne5 44. Nxf5 Nf3+ 45. Ke2 Nxh2 46. Nxh6
Be6 47. Bd3 g4 48. e4 Nf3 49. Ke3 Ne5 50. Nf5 Bc4 51. Bxc4 Nxc4+ 52. Kd4 Nxb2
53. Ne3 Kg5 54. Kc5 Nd3+ 55. Kb6 Nf2 56. e5 Ne4 57. Kxb7 Nxg3 58. a4 Ne4 59. a5
g3 60. Kc6 Kf4 61. Ng2+ Kf3 62. a6 Kxg2 63. a7 Kf2 64. a8=Q g2 65. Qf8+ Ke2 66.
Qg7 Kf2 67. Qf7+ Ke2 68. Qg6 Kf3 69. Qf5+ Ke3 70. Qg4 1-0

[Event "BIH-ch-T"]
[Site "Sarajevo"]
[Date "2013.06.19"]
[Round "5.4"]
[White "Indjic, Aleksandar"]
[Black "Konjicanin, Muris"]
[Result "1/2-1/2"]
[WhiteElo "2536"]
[BlackElo "2286"]
[PlyCount "40"]
[EventDate "2013.06.15"]

1. d4 d5 2. c4 c6 3. Nf3 Nf6 4. Nc3 e6 5. Qd3 Nbd7 6. Bg5 h6 7. Bd2 Bd6 8. e4
dxe4 9. Nxe4 Nxe4 10. Qxe4 Nf6 11. Qh4 b6 12. O-O-O Bb7 13. Bd3 Qc7 14. Bg5
hxg5 15. Qxh8+ Ke7 16. Qxg7 Rg8 17. Qh6 Bf4+ 18. Nd2 g4 19. Qh4 Bg5 20. Qg3 Bf4
1/2-1/2

[Event "BIH-ch-T"]
[Site "Sarajevo"]
[Date "2013.06.19"]
[Round "5.4"]
[White "Hodzic, Nihad"]
[Black "Nestorovic, Nikola"]
[Result "0-1"]
[WhiteElo "2286"]
[BlackElo "2405"]
[PlyCount "70"]
[EventDate "2013.06.15"]

1. d4 Nf6 2. c4 e6 3. Nc3 Bb4 4. Qc2 c5 5. dxc5 Qc7 6. Nf3 Bxc5 7. e3 a6 8. Be2
Be7 9. O-O d6 10. a3 O-O 11. b4 b6 12. Bb2 Bb7 13. Rfc1 Nbd7 14. a4 Rab8 15. a5
bxa5 16. Rxa5 Rfc8 17. Nd2 Ne5 18. Raa1 Nfd7 19. Na4 Ng6 20. Bf1 Nh4 21. Qd1
Qd8 22. Nb3 Bf8 23. Qh5 g6 24. Qg4 h5 25. Qh3 e5 26. Na5 Ba8 27. b5 g5 28. Nc6
Rxc6 29. bxc6 Bxc6 30. e4 Bxa4 31. Rxa4 Rxb2 32. g3 Nf3+ 33. Kg2 Qb6 34. Kh1
Qxf2 35. Qg2 Qe3 0-1

[Event "BIH-ch-T"]
[Site "Sarajevo"]
[Date "2013.06.19"]
[Round "5.4"]
[White "Mehmedovic, Mirza"]
[Black "Mrndjic, Muamer"]
[Result "1/2-1/2"]
[WhiteElo "2225"]
[BlackElo "2279"]
[PlyCount "158"]
[EventDate "2013.06.15"]

1. e4 c5 2. c3 g6 3. Nf3 Bg7 4. d4 cxd4 5. cxd4 d5 6. exd5 Nf6 7. Nc3 O-O 8.
Be2 Nxd5 9. O-O Nc6 10. h3 h6 11. Re1 e6 12. a3 b6 13. Bc4 Na5 14. Ba2 Bb7 15.
Bd2 Rc8 16. Qe2 Nxc3 17. bxc3 Bd5 18. Ne5 Bxa2 19. Rxa2 Qd5 20. Rb2 Nc4 21.
Nxc4 Rxc4 22. Rb4 Rfc8 23. Reb1 Bf8 24. Rb5 Qd8 25. Qd1 Bxa3 26. d5 e5 27. Bxh6
Rxc3 28. Qa4 Bc5 29. Qe4 Qf6 30. Rf1 g5 31. Qg4 Be7 32. d6 Bd8 33. f4 Qxh6 34.
Rxe5 Qxd6 35. Re8+ Kg7 36. Qh5 gxf4 37. Qh8+ Kg6 38. Rg8+ Kf5 39. Qh5+ Ke6 40.
Re8+ Kd7 41. Qxf7+ Kc6 42. Re6 Bc7 43. Rxd6+ Bxd6 44. Rd1 Rd8 45. Qf6 Kc7 46.
Kf1 Rc6 47. h4 Rd7 48. h5 Rc5 49. Qg6 Be5 50. Rxd7+ Kxd7 51. Qf7+ Kc6 52. Qxa7
b5 53. h6 Kd5 54. Qd7+ Kc4 55. Ke2 Kb3 56. h7 b4 57. Qe7 Ra5 58. Kf3 Bc3 59.
Qe8 Ka2 60. h8=Q Bxh8 61. Qxh8 b3 62. Qg8 Ra4 63. Qd5 Ka3 64. Qc5+ Ka2 65. Qb5
Ka3 66. Qc5+ Ka2 67. Qc6 Ka3 68. Qd6+ Rb4 69. Qd3 Ra4 70. Ke2 Ka2 71. Qd5 Ra3
72. Qc4 Ka1 73. Qb4 Ra2+ 74. Kf3 b2 75. Qd4 Ra3+ 76. Kxf4 Ka2 77. Qd2 Ka1 78.
Qb4 Ka2 79. Qd2 Ka1 1/2-1/2

[Event "BIH-ch-T"]
[Site "Sarajevo"]
[Date "2013.06.19"]
[Round "5.4"]
[White "Bandic, Adnan"]
[Black "Colpa, Husein"]
[Result "1-0"]
[WhiteElo "2243"]
[BlackElo "1952"]
[PlyCount "89"]
[EventDate "2013.06.15"]

1. e4 c5 2. Nf3 Nc6 3. c3 Nf6 4. e5 Nd5 5. d4 cxd4 6. Bc4 Nb6 7. Bb3 e6 8. cxd4
d5 9. O-O Be7 10. Nc3 Bd7 11. Bf4 Na5 12. Bc2 Rc8 13. Bd3 a6 14. Qc2 Bb5 15.
Bxb5+ axb5 16. Qe2 b4 17. Qb5+ Nd7 18. Na4 O-O 19. Rfc1 Rc6 20. b3 Qc7 21. Qd3
Rc8 22. Rxc6 Nxc6 23. g3 Na7 24. Rc1 Qd8 25. Qb1 Nb5 26. Bd2 Na3 27. Qd3 h6 28.
Ne1 b5 29. Rxc8 Qxc8 30. Nb2 Nb6 31. Nd1 h5 32. Ne3 g6 33. h3 Qc6 34. g4 hxg4
35. Nxg4 Qe8 36. h4 Nd7 37. Kf1 Kg7 38. Bh6+ Kh7 39. Bg5 Kg7 40. Qe3 Nb1 41.
Nf3 Nc3 42. Bxe7 Qxe7 43. Qh6+ Kg8 44. Ng5 f5 45. exf6 1-0

[Event "BIH-ch-T"]
[Site "Sarajevo"]
[Date "2013.06.19"]
[Round "5.4"]
[White "Alihodzic, Muzafer"]
[Black "Hadzovic, Amir"]
[Result "0-1"]
[WhiteElo "2074"]
[BlackElo "2212"]
[PlyCount "50"]
[EventDate "2013.06.15"]

1. e4 e5 2. g3 Nc6 3. Bg2 Bc5 4. Ne2 d6 5. h3 f5 6. d3 Nf6 7. Nbc3 O-O 8. O-O
Qe8 9. exf5 Bxf5 10. Be3 Qh5 11. Bxc5 dxc5 12. Nc1 Qg6 13. g4 Bxg4 14. hxg4
Nxg4 15. f3 Ne3 16. Qe2 Nxf1 17. Kxf1 Nd4 18. Qe4 Qh5 19. N3e2 Nxf3 20. Ng3
Nd4+ 21. Kg1 Qd1+ 22. Kh2 Nxc2 23. Rb1 Rf2 24. Nge2 Ne1 25. Nc3 Qh5+ 0-1

[Event "BIH-ch-T"]
[Site "Sarajevo"]
[Date "2013.06.19"]
[Round "5.5"]
[White "Perunovic, Milos"]
[Black "Kadric, Denis"]
[Result "1-0"]
[WhiteElo "2628"]
[BlackElo "2460"]
[PlyCount "59"]
[EventDate "2013.06.15"]

1. e4 g6 2. d4 Bg7 3. Nc3 c6 4. Be3 d6 5. f4 b5 6. Nf3 b4 7. Ne2 Ba6 8. Qd2 Nf6
9. Ng3 Bxf1 10. Rxf1 a5 11. f5 Rg8 12. Bh6 Bh8 13. O-O-O gxf5 14. Nxf5 Qd7 15.
Rde1 Qe6 16. Kb1 Nbd7 17. Ng5 Qc4 18. e5 dxe5 19. dxe5 Nxe5 20. Nxe7 Rd8 21.
Qc1 Kxe7 22. Rxe5+ Kd7 23. Rf4 Qa6 24. Nxf7 Rde8 25. Rxe8 Rxe8 26. Nxh8 Nd5 27.
Rf7+ Kd8 28. Rf8 Qe2 29. Qd2 Qe7 30. Qf2 1-0

[Event "BIH-ch-T"]
[Site "Sarajevo"]
[Date "2013.06.19"]
[Round "5.5"]
[White "Pikula, Dejan"]
[Black "Predojevic, Borki"]
[Result "1/2-1/2"]
[WhiteElo "2482"]
[BlackElo "2616"]
[PlyCount "25"]
[EventDate "2013.06.15"]

1. e4 g6 2. d4 Bg7 3. Nc3 c6 4. Nf3 d6 5. h3 Nf6 6. Be3 O-O 7. Qd2 Nbd7 8. Bh6
e5 9. Bd3 Qa5 10. O-O Re8 11. Rfe1 Nb8 12. a3 Bd7 13. b4 1/2-1/2

[Event "BIH-ch-T"]
[Site "Sarajevo"]
[Date "2013.06.19"]
[Round "5.5"]
[White "Arapovic, Vitomir"]
[Black "Saric, Ibro"]
[Result "0-1"]
[WhiteElo "2356"]
[BlackElo "2572"]
[PlyCount "43"]
[EventDate "2013.06.15"]

1. e4 c5 2. Nf3 d6 3. d4 cxd4 4. Nxd4 Nf6 5. Nc3 a6 6. h3 e6 7. g4 h6 8. Bg2
Nc6 9. O-O Qc7 10. a4 Nxd4 11. Qxd4 e5 12. Qd3 Be6 13. b3 Rc8 14. Bb2 Be7 15.
Rac1 Nd7 16. Nd5 Bxd5 17. Qxd5 h5 18. c4 hxg4 19. c5 Bg5 20. f4 Bxf4 21. Rxf4
exf4 22. e5 {phone} 0-1

[Event "BIH-ch-T"]
[Site "Sarajevo"]
[Date "2013.06.20"]
[Round "6.1"]
[White "Tadic, Branko"]
[Black "Erdos, Viktor"]
[Result "1/2-1/2"]
[WhiteElo "2513"]
[BlackElo "2645"]
[PlyCount "20"]
[EventDate "2013.06.15"]

1. d4 Nf6 2. c4 g6 3. g3 Bg7 4. Bg2 O-O 5. Nc3 c5 6. Nf3 cxd4 7. Nxd4 Qc7 8.
Qa4 Nc6 9. Bf4 Qb6 10. Nb3 d6 1/2-1/2

[Event "BIH-ch-T"]
[Site "Sarajevo"]
[Date "2013.06.20"]
[Round "6.1"]
[White "Trkulja, Goran"]
[Black "Predojevic, Borki"]
[Result "1/2-1/2"]
[WhiteElo "2390"]
[BlackElo "2616"]
[PlyCount "32"]
[EventDate "2013.06.15"]

1. Nf3 c5 2. c4 Nc6 3. Nc3 g6 4. g3 Bg7 5. Bg2 b6 6. O-O Bb7 7. Rb1 d6 8. a3
Qd7 9. b4 Bxc3 10. dxc3 Nf6 11. a4 Nd8 12. a5 Rc8 13. Qb3 O-O 14. Rd1 Be4 15.
Ra1 Nc6 16. Bf4 Qf5 1/2-1/2

[Event "BIH-ch-T"]
[Site "Sarajevo"]
[Date "2013.06.20"]
[Round "6.1"]
[White "Stojanovic, Dalibor"]
[Black "Pasalic, Harun"]
[Result "1-0"]
[WhiteElo "2514"]
[BlackElo "2171"]
[PlyCount "87"]
[EventDate "2013.06.15"]

1. e4 c5 2. Nf3 g6 3. Bc4 Bg7 4. O-O Nc6 5. c3 d6 6. d4 Nf6 7. d5 Ne5 8. Nxe5
dxe5 9. Bb5+ Bd7 10. Bxd7+ Qxd7 11. f3 O-O 12. Be3 Rfc8 13. Nd2 c4 14. Qe2 e6
15. dxe6 Qxe6 16. Rfd1 Bf8 17. Nf1 Be7 18. Bg5 Qb6+ 19. Ne3 Bc5 20. Kh1 Bxe3
21. Bxe3 Qc7 22. Rd2 Rd8 23. Rad1 Ne8 24. h3 b5 25. Rd5 a6 26. Qf2 Rxd5 27.
exd5 Nd6 28. f4 e4 29. Bd4 Qe7 30. Bc5 Qf6 31. Bd4 Qe7 32. Be5 f6 33. Bd4 Re8
34. Be3 h5 35. g4 Qd7 36. Qh4 hxg4 37. hxg4 Kg7 38. Bd4 Qf7 39. g5 Rh8 40.
Bxf6+ Qxf6 41. gxf6+ Kg8 42. Qxh8+ Kxh8 43. Rg1 Kh7 44. Rg5 1-0

[Event "BIH-ch-T"]
[Site "Sarajevo"]
[Date "2013.06.20"]
[Round "6.2"]
[White "Kamberovic, Senad"]
[Black "Miladinovic, Igor"]
[Result "0-1"]
[WhiteElo "2255"]
[BlackElo "2556"]
[PlyCount "74"]
[EventDate "2013.06.15"]

1. e4 c5 2. c4 Nc6 3. g3 g6 4. Bg2 Bg7 5. Ne2 d6 6. O-O Nf6 7. Nbc3 O-O 8. h3
a6 9. d3 Rb8 10. Be3 b5 11. Qd2 bxc4 12. dxc4 Ne5 13. b3 Bxh3 14. f3 Bd7 15.
Rad1 a5 16. Bh6 Bxh6 17. Qxh6 a4 18. bxa4 Qa5 19. Nd5 Nxd5 20. Rxd5 f6 21. Bh3
Nf7 22. Qh4 Qxa4 23. Bxd7 Qxd7 24. Rd2 Ne5 25. Nc3 Nxc4 26. Rh2 e6 27. Rd1 Rf7
28. f4 Rb4 29. Re2 Qa7 30. f5 gxf5 31. Qh6 Qa3 32. Rd3 Rb1+ 33. Kg2 Rb2 34. Kf1
Rxe2 35. Kxe2 Qb2+ 36. Kd1 Qg2 37. Qc1 Nb2+ 0-1

[Event "BIH-ch-T"]
[Site "Sarajevo"]
[Date "2013.06.20"]
[Round "6.2"]
[White "Kadric, Denis"]
[Black "Konjicanin, Muris"]
[Result "0-1"]
[WhiteElo "2460"]
[BlackElo "2286"]
[PlyCount "130"]
[EventDate "2013.06.15"]

1. e4 e6 2. d4 d5 3. Nd2 dxe4 4. Nxe4 Nd7 5. Nf3 Ngf6 6. Nxf6+ Nxf6 7. Bd3 c5
8. Be3 Qc7 9. Qe2 Nd5 10. O-O Be7 11. Bb5+ Bd7 12. Bxd7+ Qxd7 13. dxc5 Nxe3 14.
Qxe3 Qb5 15. Qe4 Bxc5 16. a4 Qb4 17. Qxb4 Bxb4 18. Rfd1 Ke7 19. Kf1 Rhd8 20.
Ke2 f6 21. Nd4 Bc5 22. Nb3 Rac8 23. c3 a6 24. f3 Bb6 25. Rd2 h5 26. h3 Rxd2+
27. Nxd2 Rd8 28. Ra3 Kd6 29. b4 Bc7 30. Nb3 Kc6 31. Ra2 Kd5 32. Rc2 b5 33. Nc5
Kc4 34. Nxa6 Bf4 35. Nc5 bxa4 36. Ra2 Kxc3 37. b5 Kc4 38. Rxa4+ Kxc5 39. Rxf4
Kxb5 40. Re4 Rd6 41. g4 hxg4 42. Rxg4 Rd7 43. h4 Kc5 44. h5 Kd5 45. Rg6 Ke5 46.
h6 gxh6 47. Rxh6 Ra7 48. Rh4 f5 49. Rb4 Ra2+ 50. Kd3 Ra5 51. f4+ Kd5 52. Rb3
Ra1 53. Ke3 Rh1 54. Rb5+ Kc6 55. Ra5 Rh3+ 56. Kd4 Kd6 57. Ra6+ Ke7 58. Kc5 Rc3+
59. Kb5 Kf6 60. Ra4 Kg6 61. Ra1 Rf3 62. Ra6 Re3 63. Kc6 Re4 64. Kd7 Kf6 65. Rd6
Kf7 0-1

[Event "BIH-ch-T"]
[Site "Sarajevo"]
[Date "2013.06.20"]
[Round "6.2"]
[White "Hodzic, Nihad"]
[Black "Pikula, Dejan"]
[Result "0-1"]
[WhiteElo "2286"]
[BlackElo "2482"]
[PlyCount "64"]
[EventDate "2013.06.15"]

1. d4 Nf6 2. c4 c5 3. d5 b5 4. cxb5 a6 5. Nc3 axb5 6. e4 b4 7. Nb5 d6 8. Bf4 g5
9. Bxg5 Nxe4 10. Bf4 Nf6 11. Bc4 Bg7 12. Qe2 O-O 13. Nf3 Nbd7 14. O-O Nb6 15.
Rfd1 Nxc4 16. Qxc4 Ra5 17. a4 Ba6 18. Nd2 Qd7 19. Qb3 Bxb5 20. axb5 Rxa1 21.
Rxa1 Qxb5 22. Nc4 Nxd5 23. Nxd6 c4 24. Qg3 Nxf4 25. Qxg7+ Kxg7 26. Nxb5 Nd3 27.
Rb1 Rd8 28. Kf1 Rd5 29. Nc7 Rc5 30. Na6 Rc6 31. Ra1 b3 32. Nb8 Rb6 0-1

[Event "BIH-ch-T"]
[Site "Sarajevo"]
[Date "2013.06.20"]
[Round "6.2"]
[White "Marjanovic, Dejan"]
[Black "Zlobec, Srdjan"]
[Result "1-0"]
[WhiteElo "2211"]
[BlackElo "2045"]
[PlyCount "155"]
[EventDate "2013.06.15"]

1. e4 c6 2. d4 d5 3. e5 c5 4. dxc5 e6 5. Be3 Qc7 6. Nf3 Bxc5 7. Bxc5 Qxc5 8.
Nc3 a6 9. Bd3 Nc6 10. O-O Bd7 11. Qd2 Nd4 12. Nxd4 Qxd4 13. Qg5 g6 14. Ne2 Qc5
15. c3 Ne7 16. Qf6 Rf8 17. b4 Qc7 18. Rfe1 Nc6 19. Ng3 Qd8 20. Qf4 f6 21. exf6
Qxf6 22. Qxf6 Rxf6 23. a3 O-O-O 24. Rad1 e5 25. c4 dxc4 26. Bxc4 Bf5 27. Rxd8+
Kxd8 28. h4 Rd6 29. b5 axb5 30. Bxb5 Nd4 31. Rxe5 Bd7 32. Bxd7 Rxd7 33. Ne4 Nc6
34. Rb5 Kc8 35. h5 Rd3 36. h6 Rd7 37. g4 Re7 38. Nf6 Ne5 39. Kg2 Nd7 40. Nxd7
Rxd7 41. Rb6 Rf7 42. Kg3 Kc7 43. Rb3 Kc6 44. Rf3 Rd7 45. Rf8 b5 46. Kh4 Ra7 47.
Rf3 Kd6 48. Kg5 Ke6 49. Re3+ Kf7 50. Rc3 Ke7 51. f4 Kf7 52. Rc8 Rxa3 53. Rh8
Ra5 54. Rxh7+ Kg8 55. Rg7+ Kh8 56. Rb7 Ra6 57. Rxb5 Kh7 58. Rb7+ Kh8 59. Rg7
Ra5+ 60. Kh4 Ra6 61. Re7 Rb6 62. Kg5 Ra6 63. Rf7 Kg8 64. Rg7+ Kh8 65. Rxg6 Ra5+
66. f5 Kh7 67. Rg7+ Kh8 68. Rb7 Ra8 69. Kh5 Rf8 70. Rc7 Kg8 71. Rc5 Kh8 72. g5
Ra8 73. g6 Rb8 74. Kg5 Ra8 75. f6 Rb8 76. Re5 Ra8 77. f7 Ra5 78. g7+ 1-0